Soubor vědecko-technických programů

Na minha lista:
Detalhes bibliográficos
Autor principal: Militký, Jiří
Outros Autores: Jansa, Jaroslav, Čáp, Jaroslav
Formato: Livro
Idioma:tcheco
Publicado em: Ostrava Kanc. stroje 1986
Edição:1. vyd.
Tags: Adicionar Tag
Sem tags, seja o primeiro a adicionar uma tag!

MARC

LEADER 00000nam a2200000 4500
001 c031725
005 20250929134244.3
041 0 |a cze 
044 |a CZ 
245 1 0 |a Soubor vědecko-technických programů  |c Jiří Militký, Jaroslav Jansa, Jaroslav Čáp 
250 |a 1. vyd. 
264 1 |a Ostrava  |b Kanc. stroje  |c 1986 
300 |a 90, 18 s. 
100 1 |a Militký, Jiří 
700 1 |a Jansa, Jaroslav 
700 1 |a Čáp, Jaroslav